000 00946nam a2200277 i 4500
003 DO-SdBNP
005 20250321073607.0
007 ta
008 210907b 2014 dr 00| 0 eng d
020 _a9789993449928
040 _aDO-SdBNP
_bspa
_cBNPHU
_erda
082 4 _222
100 1 _aPeralta Romero, Rafael,
_d1948-
_eautor
_979774
245 1 _aReformas a la constitución política dominicana 1994-2002-2010 /
_cRafael Peralta Romero, Antoliano Peralta Romero ; prólogo, Ramonina Brea del Castillo
264 _aSanto Domingo :
_bGente,
_c2014.
300 _a447 páginas ;
_c23 cm.
336 _2rdacontent
_atexto
_btxt
337 _2rdamedia
_asin mediación
_bn
338 _2rdacarrier
_avolumen
_bnc
500 _aIncluye datos biográficos de los autores en las solapas
504 _aBibliografía : p. 437
590 _aInventariado, 2021/BT
700 1 _aBrea, Ramonina,
_eprólogo
_98319
910 _aBtavárez
942 _2ddc
_cLBS1
999 _c50431
_d50431